00675nam a2200217Ia 4500003000900000008004100009020001600050040001600066080001900082100002800101245004200129260003900171300001000210500002600220650003300246650003800279650002100317942000700338999001500345952009700360IN-BaIIA211028s9999 xx 000 0 eng d a671-20380-0 cIIA Library a[8]:01:00bDAV aDavis, Nuel Pharr98650 0aLawrence and oppenheimercN. P. Davis aNew YorkbSimon and Schusterc1969 a384p. aDontated by Mr. Bappu a Biography - Lawrence98651 a Biography - Oppenheimer 98652 aNASA thesaurus  cBK c4847d4847 00104070aBANbBANcGENd1976-04-30l0o92:53/ DAVp5424r2021-11-05w1976-04-30yBK 2.95